Operációs rendszerek vizsgaadatbázis
Elmentve itt :
| Szerző: | |
|---|---|
| Dokumentumtípus: | Könyv |
| Megjelent: |
2014
|
| Kulcsszavak: | informatika számítástechnika |
| Tárgyszavak: | |
| Online Access: | http://eta.bibl.u-szeged.hu/902 |
| LEADER | 00871nnm a2200229 i 4500 | ||
|---|---|---|---|
| 001 | eta902 | ||
| 005 | 20181120123238.0 | ||
| 008 | 181120s2014 hu o 0|| hun d | ||
| 040 | |a SZTE Elektronikus Tananyag Archívum |b hun | ||
| 041 | |a hun | ||
| 100 | 1 | |a Nagy Antal | |
| 245 | 1 | 0 | |a Operációs rendszerek vizsgaadatbázis |h [elektronikus dokumentum] / |c Nagy Antal |
| 260 | |c 2014 | ||
| 300 | |a 40 | ||
| 516 | |a Book | ||
| 650 | 4 | |a Természettudományok | |
| 650 | 4 | |a Számítás- és információtudomány | |
| 650 | 4 | |a Számítástudomány, információtudomány és bioinformatika | |
| 695 | |a informatika | ||
| 695 | |a számítástechnika | ||
| 856 | 4 | 0 | |u https://eta.bibl.u-szeged.hu/902/1/2011_0104_szte_7_operacios_rendszerek_moodle.pdf |z Dokumentum-elérés |
| 856 | 4 | 0 | |u https://eta.bibl.u-szeged.hu/902/2/2011_0104_szte_7_operacios_rendszerek_moodle.txt |z Dokumentum-elérés |